Metodika vyučování podnikové ekonomice 3

Salvato in:
Dettagli Bibliografici
Autore principale: Koudela, Jiří
Ente Autore: Vysoká škola ekonomická v Praze. Národohospodářská fakulta
Altri autori: Mestek, Jaroslav
Natura: Libro
Lingua:ceco
Pubblicazione: Praha Státní pedagogické nakladatelství 1982
Tags: Aggiungi Tag
Nessun Tag, puoi essere il primo ad aggiungerne!!

MARC

LEADER 00000nam a2200000 4500
001 c115955
005 20221220095838.7
041 0 |a cze 
044 |a CZ 
245 1 0 |a Metodika vyučování podnikové ekonomice 3  |c Jiří Koudela, Jaroslav Mestek 
264 1 |a Praha  |b Státní pedagogické nakladatelství  |c 1982 
300 |a 136 s. 
100 1 |a Koudela, Jiří 
700 1 |a Mestek, Jaroslav 
710 2 |a Vysoká škola ekonomická v Praze. Národohospodářská fakulta